| Поле | Инд. | ПП | Название | Значение |
|---|---|---|---|---|
| Тип записи | m | |||
| Библиографический уровень | m | |||
| 001 | Контрольный номер | e3c4aedecfc64268b481cfdc3b48f8ef | ||
| 005 | Дата корректировки | 20241205171244.7 | ||
| 008 | Кодируемые данные | 240724|||||||||ru |||||||||||||||||rus|| | ||
| 020 | a | ISBN | 978-5-907368-97-2 | |
| 040 | a | Служба первич. каталог. | DE | |
| b | Код языка каталог. | rus | ||
| e | Правила каталог. | PSBO | ||
| 084 | a | Индекс другой классификации/Индекс ББК | 81.2Англ-923 | |
| 203 | a | Вид содержания | Текст | |
| c | Тип средства | электронный | ||
| 245 | 10 | a | Заглавие | Интерактивное обучение иностранным языкам |
| c | Ответственность | Министерство науки и высшего образования Российской Федерации, Федеральное государственное автономное образовательное учреждение высшего образования "Мурманский арктический университет" ; автор-составитель О. В. Путистина | ||
| h | Физич. носитель | Электронный ресурс | ||
| b | Продолж. заглавия | учебное пособие по направлениям подготовки 44.03.05 "Педагогическое образование". Английский язык. Немецкий язык. Второй иностранный язык (уровень бакалавриата), 44.04.01 "Педагогическое образование". Современные технологии преподавания иностранных языков. Лингвистика и иноязычное лингвообразование (уровень магистратуры) | ||
| b | Продолж. заглавия | учебное электронное издание | ||
| 260 | a | Место издания | Мурманск | |
| b | Издательство | МАУ | ||
| c | Дата издания | 2024 | ||
| 500 | a | Примечание | Электрон. текстовые дан. (1 файл : 1517 Кб) | |
| 500 | a | Примечание | URL: https://elib.mauniver.ru/2024/U_24_24.pdf | |
| 500 | a | Примечание | Доступ из локальной сети Мурманского арктического университета. - Загл. с титул. экрана | |
| 500 | a | Примечание | Имеется опт. компакт-диск (CD-ROM) | |
| 520 | 0_ | a | Аннотация | Данное учебное пособие создано в соответствии с требованиями Федеральных государственных образовательных стандартов по направлению подготовки "Педагогическое образование" для уровней бакалавриата и магистратуры. В пособии рассмотрены теоретические основы интерактивного обучения иностранным языкам, а также практические вопросы использования интерактивных технологий и форм работы на занятиях по иностранному языку в условиях средней и высшей школ (на примере английского языка). Для студентов учреждений высшего образования |
| 583 | x | Служебное примечание | Полнотекстовые документы | |
| x | Служебное примечание | Без печатного варианта | ||
| x | Служебное примечание | Труды преподавателей МАУ | ||
| x | Служебное примечание | Английский язык. ВПО | ||
| x | Служебное примечание | Педагогическое образование. ВПО | ||
| x | Служебное примечание | Немецкий язык. ВПО | ||
| z | Открытое примечание | 44.03.05 | ||
| z | Открытое примечание | 44.04.01 | ||
| 653 | 0_ | a | Ключевые слова | Английский язык |
| a | Ключевые слова | Интерактивное обучение | ||
| a | Ключевые слова | Иностранные языки | ||
| a | Ключевые слова | Немецкий язык | ||
| a | Ключевые слова | Труды преподавателей МАУ | ||
| a | Ключевые слова | Электронные версии | ||
| 700 | 12 | a | Другие авторы | Путистина О. В. |
| e | Роль лиц | Автор-составитель | ||
| 856 | 40 | u | URL | https://elib.mauniver.ru/2024/U_24_24.pdf |
| 901 | t | Тип документа | m | |
| 952 | c | Вид литературы | учебное пособие | |
| b | Гриф литературы для ВШ | Допущено учебно-методическим советом университета |